[Event "418 Stay Safe Play From Home series"]
[Site "Emanuel Lasker Arena"]
[Date "2020.08.28"]
[Round "3"]
[White "Schachwerk_64"]
[Black "Frido-BBB"]
[Result "1-0"]
[WhiteElo "1984"]
[BlackElo "1586"]
[Annotator "NA"]
[PlyCount "89"]
[EventDate "2020.08.28"]
[EventType "swiss (blitz)"]

1. g3 {[%emt 0:00:01]} d5 {[%emt 0:00:01]} 2. Bg2 {[%emt 0:00:00]} e5 {[%emt 0:00:01]} 3. d3 {[%emt 0:00:00]} c6 {[%emt 0:00:03]} 4. Nd2 {[%emt 0:00:00]} Be6 {[%emt 0:00:01]} 5. e4 {[%emt 0:00:02]} Bd6 {[%emt 0:00:02]} 6. Ngf3 {[%emt 0:00:02]} d4 {[%emt 0:00:01]} 7. O-O {[%emt 0:00:01]} f6 {[%emt 0:00:01]} 8. c3 {[%emt 0:00:01]} Ne7 {[%emt 0:00:00]} 9. cxd4 {[%emt 0:00:01]} exd4 {[%emt 0:00:01]} 10. Nxd4 {[%emt 0:00:01]} Bd7 {[%emt 0:00:01]} 11. N4f3 {[%emt 0:00:02]} Qc7 {[%emt 0:00:01]} 12. d4 {[%emt 0:00:01]} O-O {[%emt 0:00:02]} 13. Nc4 {[%emt 0:00:01]} Ng6 {[%emt 0:00:06]} 14. Nxd6 {[%emt 0:00:01]} Qxd6 {[%emt 0:00:01]} 15. Bf4 {[%emt 0:00:01]} Qe7 {[%emt 0:00:01]} 16. Re1 {[%emt 0:00:05]} Bg4 {[%emt 0:00:01]} 17. h3 {[%emt 0:00:02]} Bd7 {[%emt 0:00:03]} 18. Qb3+ {[%emt 0:00:04]} Kh8 {[%emt 0:00:03]} 19. d5 {[%emt 0:00:06]} Be8 {[%emt 0:00:04]} 20. d6 {[%emt 0:00:02]} Qd7 {[%emt 0:00:03]} 21. e5 {[%emt 0:00:05]} Bf7 {[%emt 0:00:00]} 22. e6 {[%emt 0:00:01]} Bg8 {[%emt 0:00:05]} 23. exd7 {[%emt 0:00:02]} Bxb3 {[%emt 0:00:01]} 24. axb3 {[%emt 0:00:05]} Nxd7 {[%emt 0:00:00]} 25. Rad1 {[%emt 0:00:03]} a6 {[%emt 0:00:00]} 26. Nh4 {[%emt 0:00:01]} Rad8 {[%emt 0:00:00]} 27. Nxg6+ {[%emt 0:00:01]} hxg6 {[%emt 0:00:00]} 28. Be3 {[%emt 0:00:01]} g5 {[%emt 0:00:00]} 29. Ba7 {[%emt 0:00:01]} Rf7 {[%emt 0:00:01]} 30. Re7 {[%emt 0:00:00]} Rff8 {[%emt 0:00:03]} 31. Rxd7 {[%emt 0:00:02]} Rxd7 {[%emt 0:00:02]} 32. Bb6 {[%emt 0:00:00]} Rc8 {[%emt 0:00:01]} 33. Bc7 {[%emt 0:00:00]} c5 {[%emt 0:00:01]} 34. Re1 {[%emt 0:00:01]} Kh7 {[%emt 0:00:01]} 35. Re7 {[%emt 0:00:01]} Kg6 {[%emt 0:00:00]} 36. Rxd7 {[%emt 0:00:01]} f5 {[%emt 0:00:00]} 37. Rd8 {[%emt 0:00:00]} Rxc7 {[%emt 0:00:01]} 38. Rc8 {[%emt 0:00:00]} f4 {[%emt 0:00:01]} 39. dxc7 {[%emt 0:00:01]} b6 {[%emt 0:00:02]} 40. Rg8 {[%emt 0:00:00]} fxg3 {[%emt 0:00:02]} 41. c8=Q {[%emt 0:00:00]} gxf2+ {[%emt 0:00:00]} 42. Kxf2 {[%emt 0:00:01]} Kh5 {[%emt 0:00:01]} 43. Qe8+ {[%emt 0:00:00]} Kh4 {[%emt 0:00:01]} 44. Rxg7 {[%emt 0:00:00]} g4 {[%emt 0:00:01]} 45. Rh7+ {[%emt 0:00:00] Zeit Zeit Zeit (Lag: Av=0.60s, max=1.0s) (Lag: Av=0.60s, max=1.0s) (Lag: Av=0.60s, max=1.0s)} 1-0

[Event "418 Stay Safe Play From Home series"]
[Site "Emanuel Lasker Arena"]
[Date "2020.08.28"]
[Round "3"]
[White "Klasman"]
[Black "W Nelles"]
[Result "0-1"]
[WhiteElo "1281"]
[BlackElo "1241"]
[Annotator "NA"]
[PlyCount "46"]
[EventDate "2020.08.28"]
[EventType "swiss (blitz)"]

1. f4 {[%emt 0:00:01]} b5 {[%emt 0:00:02]} 2. e4 {[%emt 0:00:02]} Bb7 {[%emt 0:00:01]} 3. d3 {[%emt 0:00:04]} Nc6 {[%emt 0:00:01]} 4. Nf3 {[%emt 0:00:01]} e6 {[%emt 0:00:01]} 5. Be3 {[%emt 0:00:01]} Nf6 {[%emt 0:00:02]} 6. Nbd2 {[%emt 0:00:02]} Ng4 {[%emt 0:00:03]} 7. Qe2 {[%emt 0:00:03]} Nxe3 {[%emt 0:00:02]} 8. Qxe3 {[%emt 0:00:02]} Nb4 {[%emt 0:00:01]} 9. O-O-O {[%emt 0:00:03]} Qe7 {[%emt 0:00:04]} 10. a3 {[%emt 0:00:03]} Na2+ {[%emt 0:00:02]} 11. Kb1 {[%emt 0:00:01]} Nc3+ {[%emt 0:00:03]} 12. bxc3 {[%emt 0:00:02]} Qxa3 {[%emt 0:00:01]} 13. Nb3 {[%emt 0:00:01]} a5 {[%emt 0:00:03]} 14. f5 {[%emt 0:00:13]} a4 {[%emt 0:00:01]} 15. Nbd4 {[%emt 0:00:02]} Qxc3 {[%emt 0:00:03]} 16. Nxb5 {[%emt 0:00:02]} Qb4+ {[%emt 0:00:02]} 17. Kc1 {[%emt 0:00:04]} Qxb5 {[%emt 0:00:02]} 18. Kd2 {[%emt 0:00:01]} Qb4+ {[%emt 0:00:03]} 19. Ke2 {[%emt 0:00:01]} Ba6 {[%emt 0:00:02]} 20. Nd2 {[%emt 0:00:05]} a3 {[%emt 0:00:01]} 21. Rb1 {[%emt 0:00:03]} Qc5 {[%emt 0:00:03]} 22. Nb3 {[%emt 0:00:02]} Qxe3+ {[%emt 0:00:01]} 23. Kxe3 {[%emt 0:00:01]} Rb8 {[%emt 0:00:03] Time Time Time (Lag: Av=0.59s, max=1.1s) (Lag: Av=0.59s, max=1.1s) (Lag: Av=0.59s, max=1.1s)} 0-1

[Event "418 Stay Safe Play From Home series"]
[Site "Emanuel Lasker Arena"]
[Date "2020.08.28"]
[Round "4"]
[White "NTBT_DHS"]
[Black "Schachwerk_64"]
[Result "1-0"]
[WhiteElo "2574"]
[BlackElo "1987"]
[Annotator "NA"]
[PlyCount "67"]
[EventDate "2020.08.28"]
[EventType "swiss (blitz)"]

1. d4 {[%emt 0:00:01]} d5 {[%emt 0:00:00]} 2. Nf3 {[%emt 0:00:00]} Nc6 {[%emt 0:00:00]} 3. Bf4 {[%emt 0:00:00]} Bg4 {[%emt 0:00:02]} 4. Nbd2 {[%emt 0:00:02]} f6 {[%emt 0:00:01]} 5. h3 {[%emt 0:00:00]} Bh5 {[%emt 0:00:02]} 6. e3 {[%emt 0:00:00]} Bf7 {[%emt 0:00:01]} 7. Bb5 {[%emt 0:00:01]} a6 {[%emt 0:00:01]} 8. Bxc6+ {[%emt 0:00:00]} bxc6 {[%emt 0:00:00]} 9. Nb3 {[%emt 0:00:00]} e6 {[%emt 0:00:01]} 10. Qd2 {[%emt 0:00:01]} Bd6 {[%emt 0:00:01]} 11. Qa5 {[%emt 0:00:02]} Bxf4 {[%emt 0:00:02]} 12. exf4 {[%emt 0:00:01]} Qd6 {[%emt 0:00:01]} 13. g3 {[%emt 0:00:01]} Ne7 {[%emt 0:00:01]} 14. O-O-O {[%emt 0:00:01]} Bh5 {[%emt 0:00:01]} 15. Rd3 {[%emt 0:00:02]} O-O {[%emt 0:00:02]} 16. Re1 {[%emt 0:00:01]} Rab8 {[%emt 0:00:01]} 17. Nfd2 {[%emt 0:00:01]} Bg6 {[%emt 0:00:02]} 18. Rde3 {[%emt 0:00:01]} Bf7 {[%emt 0:00:00]} 19. Nc5 {[%emt 0:00:02]} Rb5 {[%emt 0:00:01]} 20. Qa3 {[%emt 0:00:01]} Nc8 {[%emt 0:00:02]} 21. Nb1 {[%emt 0:00:03]} Nb6 {[%emt 0:00:01]} 22. b3 {[%emt 0:00:00]} Nc4 {[%emt 0:00:01]} 23. bxc4 {[%emt 0:00:01]} dxc4 {[%emt 0:00:02]} 24. Nc3 {[%emt 0:00:00]} Rfb8 {[%emt 0:00:04]} 25. Nxb5 {[%emt 0:00:01]} axb5 {[%emt 0:00:01]} 26. Nxe6 {[%emt 0:00:01]} b4 {[%emt 0:00:03]} 27. Qa5 {[%emt 0:00:03]} Bxe6 {[%emt 0:00:01]} 28. Rxe6 {[%emt 0:00:02]} Qxd4 {[%emt 0:00:01]} 29. Qf5 {[%emt 0:00:09]} Qa1+ {[%emt 0:00:02]} 30. Kd2 {[%emt 0:00:00]} Qc3+ {[%emt 0:00:02]} 31. Ke2 {[%emt 0:00:00]} Qxc2+ {[%emt 0:00:01]} 32. Qxc2 {[%emt 0:00:01]} b3 {[%emt 0:00:01]} 33. Qxc4 {[%emt 0:00:01]} b2 {[%emt 0:00:01]} 34. Re8# {[%emt 0:00:00] (Lag: Av=0.51s, max=0.8s) (Lag: Av=0.51s, max=0.8s) (Lag: Av=0.51s, max=0.8s)} 1-0

[Event "418 Stay Safe Play From Home series"]
[Site "Emanuel Lasker Arena"]
[Date "2020.08.28"]
[Round "4"]
[White "AChessPlayer"]
[Black "Tran Minh Thang"]
[Result "0-1"]
[WhiteElo "2359"]
[BlackElo "2482"]
[PlyCount "166"]
[EventDate "2020.08.28"]
[EventType "swiss (blitz)"]

1. Nf3 {[%emt 0:00:00]} Nf6 {[%emt 0:00:01]} 2. g3 {[%emt 0:00:00]} g6 {[%emt 0:00:00]} 3. Bg2 {[%emt 0:00:00]} Bg7 {[%emt 0:00:00]} 4. O-O {[%emt 0:00:00]} O-O {[%emt 0:00:00]} 5. c3 {[%emt 0:00:00]} d5 {[%emt 0:00:00]} 6. d4 {[%emt 0:00:00]} b6 {[%emt 0:00:01]} 7. Nbd2 {[%emt 0:00:00]} Bb7 {[%emt 0:00:00]} 8. Ne5 {[%emt 0:00:00]} Nbd7 {[%emt 0:00:00]} 9. Ndf3 {[%emt 0:00:00]} c5 {[%emt 0:00:01]} 10. Bf4 {[%emt 0:00:01]} Nh5 {[%emt 0:00:01]} 11. Qd2 {[%emt 0:00:03]} Nxf4 {[%emt 0:00:01]} 12. gxf4 {[%emt 0:00:00]} Nf6 {[%emt 0:00:01]} 13. Ng5 {[%emt 0:00:02]} h6 {[%emt 0:00:01]} 14. Ngf3 {[%emt 0:00:01]} Ne4 {[%emt 0:00:01]} 15. Qe3 {[%emt 0:00:00]} Rc8 {[%emt 0:00:03]} 16. Rac1 {[%emt 0:00:00]} Qd6 {[%emt 0:00:02]} 17. Bh3 {[%emt 0:00:01]} e6 {[%emt 0:00:01]} 18. Kh1 {[%emt 0:00:00]} Kh7 {[%emt 0:00:01]} 19. Rg1 {[%emt 0:00:02]} cxd4 {[%emt 0:00:01]} 20. cxd4 {[%emt 0:00:01]} Rxc1 {[%emt 0:00:01]} 21. Rxc1 {[%emt 0:00:00]} f6 {[%emt 0:00:02]} 22. Nd3 {[%emt 0:00:02]} Rc8 {[%emt 0:00:05]} 23. Rxc8 {[%emt 0:00:01]} Bxc8 {[%emt 0:00:00]} 24. Qc1 {[%emt 0:00:01]} Ba6 {[%emt 0:00:01]} 25. Nfe1 {[%emt 0:00:03]} e5 {[%emt 0:00:07]} 26. dxe5 {[%emt 0:00:03]} fxe5 {[%emt 0:00:00]} 27. f5 {[%emt 0:00:00]} Ng5 {[%emt 0:00:03]} 28. Bg4 {[%emt 0:00:04]} e4 {[%emt 0:00:01]} 29. fxg6+ {[%emt 0:00:01]} Kxg6 {[%emt 0:00:02]} 30. Nf4+ {[%emt 0:00:00]} Kf7 {[%emt 0:00:02]} 31. Bh5+ {[%emt 0:00:01]} Ke7 {[%emt 0:00:01]} 32. e3 {[%emt 0:00:00]} d4 {[%emt 0:00:04]} 33. exd4 {[%emt 0:00:02]} Bxd4 {[%emt 0:00:00]} 34. Qd2 {[%emt 0:00:03]} Bb7 {[%emt 0:00:02]} 35. Neg2 {[%emt 0:00:02]} e3 {[%emt 0:00:01]} 36. fxe3 {[%emt 0:00:02]} Be5 {[%emt 0:00:01]} 37. Qxd6+ {[%emt 0:00:01]} Kxd6 {[%emt 0:00:00]} 38. h4 {[%emt 0:00:01]} Ne4 {[%emt 0:00:01]} 39. Kg1 {[%emt 0:00:02]} Bxb2 {[%emt 0:00:01]} 40. Bf3 {[%emt 0:00:01]} Be5 {[%emt 0:00:01]} 41. Nd3 {[%emt 0:00:01]} Bf6 {[%emt 0:00:01]} 42. Ngf4 {[%emt 0:00:00]} Bc6 {[%emt 0:00:00]} 43. h5 {[%emt 0:00:01]} Ng5 {[%emt 0:00:01]} 44. Bxc6 {[%emt 0:00:01]} Kxc6 {[%emt 0:00:00]} 45. Kf2 {[%emt 0:00:00]} Ne4+ {[%emt 0:00:00]} 46. Kf3 {[%emt 0:00:00]} Nd6 {[%emt 0:00:00]} 47. Kg4 {[%emt 0:00:00]} Bc3 {[%emt 0:00:00]} 48. Nf2 {[%emt 0:00:01]} Kc5 {[%emt 0:00:00]} 49. N2h3 {[%emt 0:00:01]} Kc4 {[%emt 0:00:00]} 50. Ne6 {[%emt 0:00:00]} Ne4 {[%emt 0:00:00]} 51. Kf5 {[%emt 0:00:01]} Nd2 {[%emt 0:00:00]} 52. Kg6 {[%emt 0:00:00]} Bb2 {[%emt 0:00:00]} 53. Ng7 {[%emt 0:00:01]} b5 {[%emt 0:00:00]} 54. Nf5 {[%emt 0:00:00]} b4 {[%emt 0:00:00]} 55. Nxh6 {[%emt 0:00:00]} a5 {[%emt 0:00:00]} 56. Nf4 {[%emt 0:00:01]} a4 {[%emt 0:00:00]} 57. Ne2 {[%emt 0:00:01]} b3 {[%emt 0:00:00]} 58. axb3+ {[%emt 0:00:00]} Kxb3 {[%emt 0:00:00]} 59. Ng4 {[%emt 0:00:00]} a3 {[%emt 0:00:01]} 60. Ne5 {[%emt 0:00:00]} a2 {[%emt 0:00:00]} 61. Nd3 {[%emt 0:00:00]} a1=Q {[%emt 0:00:00]} 62. Nec1+ {[%emt 0:00:00]} Kc2 {[%emt 0:00:00]} 63. Nc5 {[%emt 0:00:00]} Qa5 {[%emt 0:00:01]} 64. N5b3 {[%emt 0:00:00]} Qb6+ {[%emt 0:00:00]} 65. Kg5 {[%emt 0:00:01]} Nxb3 {[%emt 0:00:00]} 66. Kg4 {[%emt 0:00:00]} Bxc1 {[%emt 0:00:00]} 67. Kf3 {[%emt 0:00:01]} Qxe3+ {[%emt 0:00:00]} 68. Kg2 {[%emt 0:00:00]} Qf4 {[%emt 0:00:00]} 69. h6 {[%emt 0:00:00]} Nd4 {[%emt 0:00:00]} 70. Kh3 {[%emt 0:00:00]} Qg5 {[%emt 0:00:00]} 71. h7 {[%emt 0:00:00]} Qh6+ {[%emt 0:00:00]} 72. Kg2 {[%emt 0:00:01]} Qxh7 {[%emt 0:00:00]} 73. Kf1 {[%emt 0:00:00]} Qd3+ {[%emt 0:00:00]} 74. Kg1 {[%emt 0:00:00]} Nb3 {[%emt 0:00:00]} 75. Kg2 {[%emt 0:00:00]} Nc5 {[%emt 0:00:00]} 76. Kh2 {[%emt 0:00:00]} Kd2 {[%emt 0:00:00]} 77. Kh1 {[%emt 0:00:00]} Ke3 {[%emt 0:00:00]} 78. Kg2 {[%emt 0:00:00]} Qg6+ {[%emt 0:00:00]} 79. Kh2 {[%emt 0:00:00]} Ke2 {[%emt 0:00:00]} 80. Kh3 {[%emt 0:00:00]} Kf2 {[%emt 0:00:00]} 81. Kh2 {[%emt 0:00:00]} Kf3 {[%emt 0:00:00]} 82. Kh3 {[%emt 0:00:00]} Qg2+ {[%emt 0:00:00]} 83. Kh4 {[%emt 0:00:01]} Qg4# {[%emt 0:00:00] (Lag: Av=0.79s, max=1.7s) (Lag: Av=0.79s, max=1.7s) (Lag: Av=0.79s, max=1.7s)} 0-1

[Event "418 Stay Safe Play From Home series"]
[Site "Emanuel Lasker Arena"]
[Date "2020.08.28"]
[Round "4"]
[White "Lazieri3"]
[Black "Yuriko"]
[Result "0-1"]
[WhiteElo "2079"]
[BlackElo "1999"]
[PlyCount "72"]
[EventDate "2020.08.28"]
[EventType "swiss (blitz)"]

1. e4 {[%emt 0:00:02]} c5 {[%emt 0:00:00]} 2. Nc3 {[%emt 0:00:00]} e6 {[%emt 0:00:01]} 3. d3 {[%emt 0:00:01]} a6 {[%emt 0:00:01]} 4. Nf3 {[%emt 0:00:00]} Be7 {[%emt 0:00:01]} 5. Be3 {[%emt 0:00:01]} Nc6 {[%emt 0:00:00]} 6. Qd2 {[%emt 0:00:01]} Nf6 {[%emt 0:00:01]} 7. Be2 {[%emt 0:00:00]} d5 {[%emt 0:00:00]} 8. exd5 {[%emt 0:00:01]} exd5 {[%emt 0:00:00]} 9. d4 {[%emt 0:00:01]} cxd4 {[%emt 0:00:01]} 10. Nxd4 {[%emt 0:00:00]} O-O {[%emt 0:00:01]} 11. O-O {[%emt 0:00:01]} Re8 {[%emt 0:00:00]} 12. Bf3 {[%emt 0:00:01]} Ne4 {[%emt 0:00:03]} 13. Bxe4 {[%emt 0:00:01]} dxe4 {[%emt 0:00:00]} 14. Nxe4 {[%emt 0:00:03]} Qc7 {[%emt 0:00:02]} 15. Nxc6 {[%emt 0:00:02]} bxc6 {[%emt 0:00:00]} 16. Nc5 {[%emt 0:00:03]} a5 {[%emt 0:00:02]} 17. Rfe1 {[%emt 0:00:03]} Bf5 {[%emt 0:00:01]} 18. Nd3 {[%emt 0:00:04]} Rad8 {[%emt 0:00:01]} 19. a3 {[%emt 0:00:05]} Bf6 {[%emt 0:00:02]} 20. Rab1 {[%emt 0:00:02]} h6 {[%emt 0:00:04]} 21. Bf4 {[%emt 0:00:02]} Qb6 {[%emt 0:00:02]} 22. b4 {[%emt 0:00:01]} axb4 {[%emt 0:00:02]} 23. axb4 {[%emt 0:00:01]} Qb5 {[%emt 0:00:01]} 24. Rxe8+ {[%emt 0:00:04]} Rxe8 {[%emt 0:00:00]} 25. h3 {[%emt 0:00:01]} Qc4 {[%emt 0:00:01]} 26. Be3 {[%emt 0:00:02]} Rd8 {[%emt 0:00:01]} 27. Rd1 {[%emt 0:00:06]} Bc3 {[%emt 0:00:00]} 28. Qe2 {[%emt 0:00:01]} Bxb4 {[%emt 0:00:03]} 29. Qf3 {[%emt 0:00:01]} Be4 {[%emt 0:00:03]} 30. Qg3 {[%emt 0:00:01]} Bf8 {[%emt 0:00:02]} 31. Bxh6 {[%emt 0:00:01]} Qxc2 {[%emt 0:00:02]} 32. Rd2 {[%emt 0:00:03]} Qb1+ {[%emt 0:00:02]} 33. Kh2 {[%emt 0:00:01]} Rxd3 {[%emt 0:00:01]} 34. Rxd3 {[%emt 0:00:01]} Bxd3 {[%emt 0:00:00]} 35. Be3 {[%emt 0:00:02]} Bg6 {[%emt 0:00:01]} 36. Qc7 {[%emt 0:00:01]} Qe4 {[%emt 0:00:00] Time Time Time (Lag: Av=0.52s, max=0.8s) (Lag: Av=0.52s, max=0.8s) (Lag: Av=0.52s, max=0.8s)} 0-1

[Event "418 Stay Safe Play From Home series"]
[Site "Emanuel Lasker Arena"]
[Date "2020.08.28"]
[Round "4"]
[White "Fischer_11"]
[Black "Gokerkan"]
[Result "0-1"]
[WhiteElo "2051"]
[BlackElo "2578"]
[Annotator "NA"]
[PlyCount "62"]
[EventDate "2020.08.28"]
[EventType "swiss (blitz)"]

1. e4 {[%emt 0:00:02]} c5 {[%emt 0:00:00]} 2. c3 {[%emt 0:00:01]} Nf6 {[%emt 0:00:01]} 3. e5 {[%emt 0:00:01]} Nd5 {[%emt 0:00:00]} 4. d4 {[%emt 0:00:00]} cxd4 {[%emt 0:00:00]} 5. cxd4 {[%emt 0:00:00]} b6 {[%emt 0:00:02]} 6. Nc3 {[%emt 0:00:01]} Bb7 {[%emt 0:00:01]} 7. Nf3 {[%emt 0:00:03]} e6 {[%emt 0:00:02]} 8. Bc4 {[%emt 0:00:02]} Nxc3 {[%emt 0:00:01]} 9. bxc3 {[%emt 0:00:00]} Qc7 {[%emt 0:00:00]} 10. Qd3 {[%emt 0:00:02]} d6 {[%emt 0:00:01]} 11. Bb5+ {[%emt 0:00:04]} Nd7 {[%emt 0:00:01]} 12. exd6 {[%emt 0:00:02]} Bxd6 {[%emt 0:00:00]} 13. O-O {[%emt 0:00:01]} a6 {[%emt 0:00:01]} 14. Ba4 {[%emt 0:00:02]} b5 {[%emt 0:00:01]} 15. Bb3 {[%emt 0:00:01]} O-O {[%emt 0:00:00]} 16. Bc2 {[%emt 0:00:00]} Nf6 {[%emt 0:00:01]} 17. h3 {[%emt 0:00:03]} Rac8 {[%emt 0:00:02]} 18. Bd2 {[%emt 0:00:01]} Be4 {[%emt 0:00:01]} 19. Qe2 {[%emt 0:00:07]} Bxc2 {[%emt 0:00:01]} 20. a4 {[%emt 0:00:00]} bxa4 {[%emt 0:00:03]} 21. g4 {[%emt 0:00:01]} Ne4 {[%emt 0:00:02]} 22. Be3 {[%emt 0:00:02]} Bb3 {[%emt 0:00:02]} 23. Rfc1 {[%emt 0:00:03]} Nxc3 {[%emt 0:00:02]} 24. Qd3 {[%emt 0:00:01]} Qc4 {[%emt 0:00:01]} 25. Qxc4 {[%emt 0:00:01]} Rxc4 {[%emt 0:00:00]} 26. Bd2 {[%emt 0:00:00]} Ne2+ {[%emt 0:00:01]} 27. Kf1 {[%emt 0:00:01]} Nxc1 {[%emt 0:00:01]} 28. Rxc1 {[%emt 0:00:01]} Rxc1+ {[%emt 0:00:01]} 29. Bxc1 {[%emt 0:00:00]} a3 {[%emt 0:00:00]} 30. d5 {[%emt 0:00:01]} a2 {[%emt 0:00:01]} 31. dxe6 {[%emt 0:00:00]} a1=Q {[%emt 0:00:01] Fischer_11 gibt auf Fischer_11 gibt auf Fischer_11 gibt auf (Lag: Av=0.51s, max=0.7s) (Lag: Av=0.51s, max=0.7s) (Lag: Av=0.51s, max=0.7s)} 0-1

[Event "418 Stay Safe Play From Home series"]
[Site "Emanuel Lasker Arena"]
[Date "2020.08.28"]
[Round "4"]
[White "TheCHESSHOUSE"]
[Black "Nguyen Hong Anh"]
[Result "0-1"]
[WhiteElo "2016"]
[BlackElo "2228"]
[PlyCount "66"]
[EventDate "2020.08.28"]
[EventType "swiss (blitz)"]

1. d4 {[%emt 0:00:01]} Nf6 {[%emt 0:00:01]} 2. c4 {[%emt 0:00:01]} g6 {[%emt 0:00:00]} 3. Nc3 {[%emt 0:00:01]} d5 {[%emt 0:00:00]} 4. e3 {[%emt 0:00:01]} Bg7 {[%emt 0:00:01]} 5. Nf3 {[%emt 0:00:01]} O-O {[%emt 0:00:00]} 6. Bd2 {[%emt 0:00:01]} c5 {[%emt 0:00:00]} 7. cxd5 {[%emt 0:00:01]} Nxd5 {[%emt 0:00:01]} 8. Bc4 {[%emt 0:00:05]} Nb6 {[%emt 0:00:01]} 9. Bb3 {[%emt 0:00:04]} cxd4 {[%emt 0:00:00]} 10. exd4 {[%emt 0:00:00]} Nc6 {[%emt 0:00:01]} 11. Ne2 {[%emt 0:00:02]} Bg4 {[%emt 0:00:02]} 12. Be3 {[%emt 0:00:10]} Bxf3 {[%emt 0:00:02]} 13. gxf3 {[%emt 0:00:00]} Nd5 {[%emt 0:00:01]} 14. h4 {[%emt 0:00:03]} h6 {[%emt 0:00:01]} 15. Qd2 {[%emt 0:00:01]} Kh7 {[%emt 0:00:02]} 16. O-O-O {[%emt 0:00:03]} Rc8 {[%emt 0:00:01]} 17. Kb1 {[%emt 0:00:01]} Nxe3 {[%emt 0:00:02]} 18. fxe3 {[%emt 0:00:01]} Na5 {[%emt 0:00:01]} 19. Bc2 {[%emt 0:00:02]} Nc4 {[%emt 0:00:01]} 20. Qc1 {[%emt 0:00:02]} Qb6 {[%emt 0:00:01]} 21. Nc3 {[%emt 0:00:02]} Na3+ {[%emt 0:00:01]} 22. Ka1 {[%emt 0:00:00]} Nc4 {[%emt 0:00:04]} 23. h5 {[%emt 0:00:01]} Rfd8 {[%emt 0:00:02]} 24. hxg6+ {[%emt 0:00:01]} fxg6 {[%emt 0:00:01]} 25. Bb3 {[%emt 0:00:00]} Na5 {[%emt 0:00:03]} 26. Bc2 {[%emt 0:00:01]} e5 {[%emt 0:00:01]} 27. Qb1 {[%emt 0:00:01]} exd4 {[%emt 0:00:01]} 28. exd4 {[%emt 0:00:00]} Bxd4 {[%emt 0:00:02]} 29. Ne4 {[%emt 0:00:08]} Bg7 {[%emt 0:00:02]} 30. Ng5+ {[%emt 0:00:01]} Kg8 {[%emt 0:00:01]} 31. Bxg6 {[%emt 0:00:03]} Qxb2+ {[%emt 0:00:02]} 32. Qxb2 {[%emt 0:00:01]} Bxb2+ {[%emt 0:00:00]} 33. Kxb2 {[%emt 0:00:00]} hxg5 {[%emt 0:00:00] Time Time Time (Lag: Av=0.79s, max=1.2s) (Lag: Av=0.79s, max=1.2s) (Lag: Av=0.79s, max=1.2s)} 0-1

[Event "418 Stay Safe Play From Home series"]
[Site "Emanuel Lasker Arena"]
[Date "2020.08.28"]
[Round "4"]
[White "Frido-BBB"]
[Black "Klasman"]
[Result "1-0"]
[WhiteElo "1583"]
[BlackElo "1262"]
[Annotator "NA"]
[PlyCount "47"]
[EventDate "2020.08.28"]
[EventType "swiss (blitz)"]

1. e4 {[%emt 0:00:02]} f5 {[%emt 0:00:01]} 2. exf5 {[%emt 0:00:03]} Nf6 {[%emt 0:00:01]} 3. Nf3 {[%emt 0:00:02]} d5 {[%emt 0:00:02]} 4. d3 {[%emt 0:00:01]} Bxf5 {[%emt 0:00:01]} 5. Be2 {[%emt 0:00:00]} c5 {[%emt 0:00:01]} 6. Bg5 {[%emt 0:00:01]} Nc6 {[%emt 0:00:02]} 7. Nbd2 {[%emt 0:00:01]} e5 {[%emt 0:00:02]} 8. O-O {[%emt 0:00:00]} Bd6 {[%emt 0:00:01]} 9. Nh4 {[%emt 0:00:00]} Bg6 {[%emt 0:00:03]} 10. Nxg6 {[%emt 0:00:01]} hxg6 {[%emt 0:00:01]} 11. h3 {[%emt 0:00:01]} Qc7 {[%emt 0:00:04]} 12. Nf3 {[%emt 0:00:03]} e4 {[%emt 0:00:01]} 13. dxe4 {[%emt 0:00:02]} dxe4 {[%emt 0:00:01]} 14. Nd2 {[%emt 0:00:03]} Bh2+ {[%emt 0:00:03]} 15. Kh1 {[%emt 0:00:01]} O-O-O {[%emt 0:00:03]} 16. Bg4+ {[%emt 0:00:02]} Kb8 {[%emt 0:00:06]} 17. f3 {[%emt 0:00:02]} exf3 {[%emt 0:00:02]} 18. Qxf3 {[%emt 0:00:01]} Nxg4 {[%emt 0:00:02]} 19. Qxg4 {[%emt 0:00:04]} Rxd2 {[%emt 0:00:05]} 20. Rae1 {[%emt 0:00:01]} Rxg2 {[%emt 0:00:03]} 21. Kxg2 {[%emt 0:00:03]} Nd4 {[%emt 0:00:04]} 22. Re7 {[%emt 0:00:04]} Qd6 {[%emt 0:00:04]} 23. Rff7 {[%emt 0:00:04]} Rxh3 {[%emt 0:00:03]} 24. Kxh3 {[%emt 0:00:02] Time Time Time (Lag: Av=0.68s, max=1.2s) (Lag: Av=0.68s, max=1.2s) (Lag: Av=0.68s, max=1.2s)} 1-0

[Event "418 Stay Safe Play From Home series"]
[Site "Emanuel Lasker Arena"]
[Date "2020.08.28"]
[Round "4"]
[White "W Nelles"]
[Black "IceQueen"]
[Result "0-1"]
[WhiteElo "1260"]
[BlackElo "2384"]
[PlyCount "52"]
[EventDate "2020.08.28"]
[EventType "swiss (blitz)"]

1. e4 {[%emt 0:00:01]} c5 {[%emt 0:00:00]} 2. Nc3 {[%emt 0:00:01]} Nc6 {[%emt 0:00:01]} 3. Bc4 {[%emt 0:00:01]} e6 {[%emt 0:00:01]} 4. d3 {[%emt 0:00:01]} a6 {[%emt 0:00:00]} 5. Bf4 {[%emt 0:00:01]} b5 {[%emt 0:00:01]} 6. Bb3 {[%emt 0:00:01]} Nf6 {[%emt 0:00:01]} 7. Nge2 {[%emt 0:00:01]} d5 {[%emt 0:00:01]} 8. O-O {[%emt 0:00:02]} c4 {[%emt 0:00:01]} 9. dxc4 {[%emt 0:00:01]} dxc4 {[%emt 0:00:00]} 10. e5 {[%emt 0:00:03]} Nd7 {[%emt 0:00:03]} 11. Ne4 {[%emt 0:00:04]} cxb3 {[%emt 0:00:02]} 12. axb3 {[%emt 0:00:01]} Ndxe5 {[%emt 0:00:02]} 13. Qxd8+ {[%emt 0:00:02]} Kxd8 {[%emt 0:00:00]} 14. Bxe5 {[%emt 0:00:01]} Nxe5 {[%emt 0:00:01]} 15. Rfd1+ {[%emt 0:00:03]} Kc7 {[%emt 0:00:00]} 16. Nd4 {[%emt 0:00:01]} Bb7 {[%emt 0:00:02]} 17. Nc3 {[%emt 0:00:02]} Bb4 {[%emt 0:00:03]} 18. Nf3 {[%emt 0:00:04]} Nxf3+ {[%emt 0:00:01]} 19. gxf3 {[%emt 0:00:02]} Bxf3 {[%emt 0:00:00]} 20. Rd3 {[%emt 0:00:01]} Bc6 {[%emt 0:00:00]} 21. Ne4 {[%emt 0:00:02]} Bxe4 {[%emt 0:00:01]} 22. Re3 {[%emt 0:00:02]} Bc6 {[%emt 0:00:01]} 23. c3 {[%emt 0:00:01]} Bc5 {[%emt 0:00:01]} 24. Rd3 {[%emt 0:00:02]} Rhd8 {[%emt 0:00:01]} 25. Rxd8 {[%emt 0:00:02]} Rxd8 {[%emt 0:00:00]} 26. Rxa6 {[%emt 0:00:02]} Rd1# {[%emt 0:00:00] (Lag: Av=0.57s, max=0.7s) (Lag: Av=0.57s, max=0.7s) (Lag: Av=0.57s, max=0.7s)} 0-1